Two-word Idioms (most difficult) Quiz Stats

 Plays Quiz not verified by Sporcle

Support Sporcle.
Go Orange.
Score 0/25 Timer 05:00
0 Plays Today
% Correct
Montezuma's Revenge
74.8%
John Hancock
73.6%
Trial Balloon
72.1%
Second Banana
68%
Mother Lode
67.8%
Busman's Holiday
67.6%
Adam’s Ale
65.7%
Sacred Cow
65.5%
Young Turk
65.1%
Salad Days
64.3%
Hollow Leg
63.2%
Dog Days
61.7%
Purple Prose
61.7%
% Correct
Stuffed Shirt
61.2%
Fourth Estate
61.1%
Horse Feathers
59.1%
Weasel Word
58.4%
Cupboard Love
54.8%
Dutch Uncle
53.2%
Dead Soldier
44.6%
Hot Hand
43.9%
French Letter
35.5%
Duck Soup
33.4%
Whited Sepulchre
29.8%
Roman Holiday
17.2%

You're not logged in!

Compare scores with friends on all Sporcle quizzes.
OR
Log In

From the Vault

Most Populous Cities (US)

by DanW

Two's company, three million's a crowd.
Remove Ads.
Support Sporcle.
Get the best of Sporcle when you Go Orange. This ad-free experience offers more features, more stats, and more fun while also helping to support Sporcle. Thank you for becoming a member.

Show Comments

Extras

Top Quizzes Today


Score Distribution

Your Account Isn't Verified!

In order to create a playlist on Sporcle, you need to verify the email address you used during registration. Go to your Sporcle Settings to finish the process.

Report this User

Report this user for behavior that violates our Community Guidelines.

Details: